000 00608nam a2200205Ia 4500
003 IEPS
005 20250703135317.0
008 250223s9999||||xx |||||||||||||| ||und||
020 _a9789957166816
040 _CIEPS
041 _aara
082 _a070
100 _aالدليمي عبد الرزاق محمد
245 0 _aالمدخل الى وسائل الاعلام و الاتصال
260 _aعمان
_bدار الثقافة للنشر و التوزيع
_c2011
300 _a344 ص.
_c24 سم.
653 _aالاتصال الجماهيري
653 _aالاعلام
942 _cكتاب
999 _c13321
_d13321